Elementary school and lower secondary school teaching guide for the japanese course of study: Arithmetic and Mathematics. Grade 1-9

Uloženo v:
Podrobná bibliografie
Korporativní autor: CRICED (Autor)
Médium: Kniha
Jazyk:japonština
angličtina
Vydáno: CRICED 2006
Témata:
Tagy: Přidat tag
Žádné tagy, Buďte první, kdo vytvoří štítek k tomuto záznamu!

MARC

LEADER 00000cam a2200000 a 4500
001 UCF4986
003 CL-VaPUC
008 130110e20060000JA |||||||||||||||||jpn|d
041 0 7 |a jpn  |2 CL-VaPUC 
041 0 7 |a eng  |2 CL-VaPUC 
082 0 4 |a 372.7  |b CRI  |2 21 
110 2 |a CRICED  |e author  |9 566717 
245 1 0 |a Elementary school and lower secondary school teaching guide for the japanese course of study: Arithmetic and Mathematics. Grade 1-9 
300 |a 200 p 
942 |c BK 
945 |d 20130110 00:00:00  |a dcastane 
260 |b CRICED  |c 2006 
650 0 |a Matemáticas  |x Enseñanza  |9 875527 
650 0 |a Matemática  |9 260235 
650 0 |a Educación básica   |9 224933 
650 0 |a Métodos de enseñanza  |9 270413 
650 0 |a Filosofía de las matemáticas   |9 265233 
583 |a last modification  |c 20130110 11:00:00  |k Rodrigo Vera 
999 |c 350644  |d 350642 
952 |0 0  |1 0  |4 0  |6 372_700000000000000_CRI_2006  |7 0  |8 A  |9 454193  |a BIBMAT  |b BIBMAT  |c E_DIDACT  |d 2019-11-22  |i 4942183  |o 372.7 CRI 2006  |p 4942183  |r 2025-01-07  |w 2019-11-22  |y BK  |k MAT